National Assembly Library of Thailand

จีนในอาเซียน : (ระเบียนเลขที่ 102752)

รายละเอียดในรูปแบบ MARC
000 -LEADER
fixed length control field 03229 a2200241 4500
003 - CONTROL NUMBER IDENTIFIER
control field NALT
005 - DATE AND TIME OF LATEST TRANSACTION
control field 20251112104608.0
008 - FIXED-LENGTH DATA ELEMENTS--GENERAL INFORMATION
fixed length control field 231128b th ||||| |||| 00| 0 tha d
020 ## - INTERNATIONAL STANDARD BOOK NUMBER
International Standard Book Number 9786163143570
040 ## - CATALOGING SOURCE
Original cataloging agency NALT
100 0# - MAIN ENTRY--PERSONAL NAME
Personal name พิทยา สุวคันธ์.
9 (RLIN) 29780
245 10 - TITLE STATEMENT
Title จีนในอาเซียน :
Remainder of title ผลกระทบต่อยุทธศาสตร์การเมืองและเศรษฐกิจ /
Statement of responsibility, etc พิทยา สุวคันธ์.
Medium [electronic resource]
260 ## - PUBLICATION, DISTRIBUTION, ETC.
Place of publication, distribution, etc. กรุงเทพฯ :
Name of publisher, distributor, etc. สำนักพิมพ์มหาวิทยาลัยธรรมศาสตร์,
Date of publication, distribution, etc. 2561.
300 ## - PHYSICAL DESCRIPTION
Extent Online resource
505 2# - FORMATTED CONTENTS NOTE
Formatted contents note การเมืองและเศรษฐกิจจีน -- นโยบายต่างประเทศของจีนต่ออาเซียน -- การกำหนดนโยบายของจีนต่ออาเซียน -- การทะยานขึ้นของจีนทางภูมิรัฐศาสตร์ในอาเซียน -- การทะยานขึ้นของจีนทางภูมิเศรษฐศาสตร์ในอาเซียน -- ผลกระทบจากการทะยานขึ้นของจีนต่อภูมิรัฐศาสตร์และภูมิเศรษฐศาสตร์ในอาเซียน -- ศักยภาพทางภูมิรัฐศาสตร์และภูมิเศรษฐศาสตร์ของอาเซียนต่อจีน -- ท่าที/นโยบายของประชาคมอาเซียนกับจีน -- ท่าที/นโยบายความร่วมมือระหว่างอาเซียนกับจีน -- การปรับเปลี่ยนนโยบายความสัมพันธ์ระหว่างอาเซียนกับจีน -- ความร่วมมือและความสัมพันธ์ระหว่างอาเซียนกับจีน -- การเปลี่ยนแปลงภูมิรัฐศาสตร์และภูมิเศรษฐศาสตร์ระหว่างอาเซียนกับจีน -- ผลกระทบจากการร่วมมือและความสัมพันธ์ของประชาคมอาเซียน-จีนที่มีนัยต่อไทย -- ทิศทางความร่วมมืออาเซียน-จีน และไทย ภายใต้ประชาคมเศรษฐกิจอาเซียน.
651 #0 - SUBJECT ADDED ENTRY--GEOGRAPHIC NAME
Geographic name
651 #4 - SUBJECT ADDED ENTRY--GEOGRAPHIC NAME
Geographic name เอเชียตะวันออกเฉียงใต้
General subdivision ความสัมพันธ์กับต่างประเทศ
Geographic subdivision จีน
9 (RLIN) 23515
850 ## - HOLDING INSTITUTION
Holding institution NALT
856 40 - ELECTRONIC LOCATION AND ACCESS
Uniform Resource Identifier <a href="https://ebook.parliament.go.th/ebookall/detail/431985">https://ebook.parliament.go.th/ebookall/detail/431985</a>
Public note (Online Database name) E-Book
942 ## - ADDED ENTRY ELEMENTS (KOHA)
Source of classification or shelving scheme Library of Congress Classification
Koha item type E-Book
996 ## - STAFF PROCESSING RECORDS (NALT)
Staff name i002
Staff type CATSTF
Acquisition or Cataloging date (ใส่ปี ค.ศ. : YYYY-MM-DD เช่น 2023-03-15) 2023-12-21
998 ## - STAFF NAME
-- 104
-- นางสาวสายฝน ดีงาม
รายการที่มีในห้องสมุด
Withdrawn status Lost status Source of classification or shelving scheme Damaged status Not for loan Collection code Home library Current library Shelving location Date acquired Source of acquisition Date last seen Koha item type
    Library of Congress Classification     Electronic Resources National Assembly Library of Thailand National Assembly Library of Thailand Online Access 29/09/2023 191 29/09/2023 E-Book
หอสมุดรัฐสภา
สำนักงานเลขาธิการสภาผู้แทนราษฎร เลขที่ 1111 ถนนสามเสน แขวงถนนนครไชยศรี เขตดุสิต กรุงเทพฯ 10300
The Secretariat of the House of Representatives 1111 Samsen Road, Thanon Nakhon Chai Si, Dusit, Bangkok 10300, THAILAND
โทรศัพท์: +66(0) 2242 5900 ต่อ 5714-5 โทรสาร: +66(0) 2242 5990 อีเมล: [email protected]